[Event "Titled Tuesday intern op 18th Jun Early"]
[Site "Chess.com INT"]
[Date "2024.06.18"]
[Round "4"]
[White "Chernov, Alexander A"]
[Black "Nozdrachev, Leonid"]
[Result "0-1"]
[WhiteElo "2314"]
[BlackElo "2258"]
[PlyCount "92"]
[EventDate "2024.06.18"]
[EventType "swiss (blitz)"]
[EventRounds "11"]
[EventCountry "USA"]
[SourceTitle "EXT 2025"]
[Source "ChessBase"]
[SourceDate "2024.10.14"]
[SourceVersion "1"]
[SourceVersionDate "2024.10.14"]
[SourceQuality "1"]

1. d4 Nf6 2. Nc3 e6 3. e4 d5 4. Bg5 dxe4 5. Nxe4 Be7 6. Bxf6 Bxf6 7. Nf3 0-0 8. Bc4 c5 9. Nxc5 b5 10. Bb3 Nc6 11. c3 b4 12. 0-0 bxc3 13. bxc3 a5 14. Re1 Ba6 15. Nxa6 Rxa6 16. Qd3 Qa8 17. Rad1 a4 18. Bc2 g6 19. h4 Ne7 20. h5 Nf5 21. hxg6 hxg6 22. Ne5 Bxe5 23. Rxe5 Rb6 24. Qh3 Rb2 25. Be4 Qc8 26. d5 Qc7 27. f4 Qb6+ 28. Kh1 Kg7 29. Bxf5 Rh8 30. Qxh8+ Kxh8 31. dxe6 Qf2 32. Bh3 Qxf4 33. exf7 Kg7 34. Re7 Rxa2 35. Ra7 Rd2 36. Ra1 a3 37. R7xa3 Kxf7 38. c4 Kg7 39. Rf3 Qxc4 40. Raf1 Kh6 41. Rf8 Rd5 42. R8f4 Rd4 43. Rf7 Qd5 44. R7f3 Rd2 45. Rf8 Rd3 46. Bg4 Rg3 0-1

[Event "Titled Tuesday intern op 11th Jun Late"]
[Site "Chess.com INT"]
[Date "2024.06.11"]
[Round "1"]
[White "Funderburg, John T"]
[Black "Nozdrachev, Leonid"]
[Result "0-1"]
[WhiteElo "2100"]
[BlackElo "2258"]
[PlyCount "56"]
[EventDate "2024.06.11"]
[EventType "swiss (blitz)"]
[EventRounds "11"]
[EventCountry "USA"]
[SourceTitle "EXT 2025"]
[Source "ChessBase"]
[SourceDate "2024.10.14"]
[SourceVersion "1"]
[SourceVersionDate "2024.10.14"]
[SourceQuality "1"]

1. e4 c6 2. d4 d5 3. e5 Bf5 4. h4 h5 5. Bg5 Qb6 6. Bd3 Bxd3 7. Qxd3 Qxb2 8. e6 Qxa1 9. Qb3 Qxd4 10. Qxb7 fxe6 11. Qxa8 Qb6 12. Nd2 e5 13. Ngf3 e6 14. 0-0 Bd6 15. Rb1 Qc7 16. Rb7 Qc8 17. Rxg7 Ne7 18. Bxe7 Bxe7 19. Qxa7 Nd7 20. Nxe5 Kf8 21. Rf7+ Ke8 22. Ndf3 Rf8 23. Rxe7+ Kxe7 24. Ng6+ Ke8 25. Nfe5 Rf5 26. f4 Qd8 27. Qb7 Qb6+ 28. Kh2 Qxb7 0-1

[Event "St Petersburg Korchnoi Memorial op"]
[Site "St Petersburg"]
[Date "2023.08.23"]
[Round "8"]
[White "Zvjaginsev, Vadim"]
[Black "Nozdrachev, Leonid"]
[Result "1-0"]
[WhiteElo "2578"]
[BlackElo "2324"]
[PlyCount "81"]
[EventDate "2023.08.18"]
[EventType "swiss"]
[EventRounds "9"]
[EventCountry "RUS"]
[SourceTitle "CBM 216 Extra"]
[Source "ChessBase"]
[SourceDate "2023.11.30"]
[SourceVersion "1"]
[SourceVersionDate "2023.11.30"]
[SourceQuality "1"]

1. Nf3 c5 2. e4 e6 3. b3 d6 4. Bb2 Nc6 5. g3 Nf6 6. d3 d5 7. Nbd2 Be7 8. Bg2 d4 9. a4 Rb8 10. Nc4 Na5 11. Bc1 Nxc4 12. bxc4 Nd7 13. Bf4 Ra8 14. h4 Nb8 15. 0-0 Nc6 16. e5 Qc7 17. Nd2 Bd7 18. Ne4 Nb4 19. Qg4 Kf8 20. Qe2 Bc6 21. a5 Rd8 22. Rfb1 h5 23. Rb2 Bxe4 24. Qxe4 Rd7 25. Bd2 a6 26. Qe2 Qd8 27. Be4 Kg8 28. Qf3 Qc7 29. c3 Nc6 30. Rab1 Nxe5 31. Qe2 Qd8 32. cxd4 cxd4 33. Bxb7 Bd6 34. Rb6 Ng4 35. Rxa6 Kh7 36. Bf3 Ne5 37. Be4+ f5 38. Ra8 fxe4 39. Qxe4+ g6 40. Rxd8 Rhxd8 41. Rb5 1-0

[Event "St Petersburg Korchnoi Memorial op"]
[Site "St Petersburg"]
[Date "2023.08.21"]
[Round "5"]
[White "Nozdrachev, Leonid"]
[Black "Kazhgaleyev, Murtas"]
[Result "1/2-1/2"]
[WhiteElo "2324"]
[BlackElo "2498"]
[PlyCount "81"]
[EventDate "2023.08.18"]
[EventType "swiss"]
[EventRounds "9"]
[EventCountry "RUS"]
[SourceTitle "CBM 216 Extra"]
[Source "ChessBase"]
[SourceDate "2023.11.30"]
[SourceVersion "1"]
[SourceVersionDate "2023.11.30"]
[SourceQuality "1"]

1. e4 c5 2. c3 Nf6 3. e5 Nd5 4. d4 cxd4 5. Nf3 d6 6. Bc4 e6 7. cxd4 Be7 8. 0-0 0-0 9. Re1 Bd7 10. Bxd5 exd5 11. Nc3 Bc6 12. Bf4 dxe5 13. Nxe5 Bf6 14. b4 b6 15. b5 Bb7 16. Qf3 a6 17. a4 axb5 18. axb5 Re8 19. h3 Bxe5 20. Bxe5 Nd7 21. Bg3 Nf8 22. Kh2 Ne6 23. Qg4 Qf6 24. Na4 h5 25. Qh4 Qh6 26. Be5 Nf8 27. Bf4 Qg6 28. Re7 Rxe7 29. Qxe7 Qe4 30. Be5 f6 31. Qxb7 Rxa4 32. Rxa4 fxe5 33. Qc6 exd4 34. Qd6 Ne6 35. Ra8+ Kf7 36. Ra7+ Kf6 37. Rd7 Qe5+ 38. Kg1 Qe1+ 39. Kh2 Qe5+ 40. Kg1 Qe1+ 41. Kh2 1/2-1/2

[Event "St Petersburg Korchnoi Memorial op"]
[Site "St Petersburg"]
[Date "2023.08.21"]
[Round "6"]
[White "Romanov, Nikita M"]
[Black "Nozdrachev, Leonid"]
[Result "1/2-1/2"]
[WhiteElo "2038"]
[BlackElo "2324"]
[PlyCount "35"]
[EventDate "2023.08.18"]
[EventType "swiss"]
[EventRounds "9"]
[EventCountry "RUS"]
[SourceTitle "CBM 216 Extra"]
[Source "ChessBase"]
[SourceDate "2023.11.30"]
[SourceVersion "1"]
[SourceVersionDate "2023.11.30"]
[SourceQuality "1"]

1. d4 Nf6 2. Nf3 e6 3. Bf4 c5 4. e3 cxd4 5. exd4 b6 6. Nbd2 Bb7 7. Bd3 Be7 8. 0-0 0-0 9. Re1 d6 10. c4 Nbd7 11. h3 Re8 12. Bh2 Bc8 13. Bf1 d5 14. a3 g6 15. b4 dxc4 16. Nxc4 Ne4 17. Bd3 Ndf6 18. Nce5 1/2-1/2

[Event "St Petersburg Korchnoi Memorial op"]
[Site "St Petersburg"]
[Date "2023.08.20"]
[Round "4"]
[White "Nozdrachev, Leonid"]
[Black "Lisenkov, Svyatoslav"]
[Result "1-0"]
[WhiteElo "2324"]
[BlackElo "2089"]
[PlyCount "101"]
[EventDate "2023.08.18"]
[EventType "swiss"]
[EventRounds "9"]
[EventCountry "RUS"]
[SourceTitle "CBM 216 Extra"]
[Source "ChessBase"]
[SourceDate "2023.11.30"]
[SourceVersion "1"]
[SourceVersionDate "2023.11.30"]
[SourceQuality "1"]

1. e4 c5 2. c3 Nf6 3. e5 Nd5 4. d4 cxd4 5. Nf3 e6 6. cxd4 d6 7. a3 Be7 8. Bd3 b6 9. 0-0 Bb7 10. Nc3 Nd7 11. Nxd5 Bxd5 12. exd6 Bxd6 13. Ng5 Qe7 14. Re1 h6 15. Ne4 0-0 16. Nxd6 Qxd6 17. Qh5 Nf6 18. Qh4 Nh7 19. Bf4 Qd7 20. Qg3 Kh8 21. Be5 Rg8 22. Rac1 Rac8 23. h4 f6 24. Bd6 g5 25. h5 a5 26. Bc7 a4 27. Bxb6 Rc6 28. Rc5 Nf8 29. Bb5 Qb7 30. Bxc6 Bxc6 31. Qc7 Bxg2 32. Qxb7 Bxb7 33. Rc7 Bf3 34. Bc5 Bd5 35. Bxf8 Rxf8 36. Rec1 Bf3 37. Rc8 Kg8 38. Rxf8+ Kxf8 39. Rc8+ Kg7 40. Rc7+ Kg8 41. Ra7 Bd1 42. f3 Bb3 43. Kf2 Bd1 44. Re7 Bb3 45. Rb7 Bd1 46. b4 axb3 47. a4 f5 48. a5 g4 49. fxg4 fxg4 50. a6 Bf3 51. Rxb3 1-0

[Event "St Petersburg Korchnoi Memorial op"]
[Site "St Petersburg"]
[Date "2023.08.19"]
[Round "2"]
[White "Nozdrachev, Leonid"]
[Black "Karelov, Pavel"]
[Result "1-0"]
[WhiteElo "2324"]
[BlackElo "1960"]
[PlyCount "112"]
[EventDate "2023.08.18"]
[EventType "swiss"]
[EventRounds "9"]
[EventCountry "RUS"]
[SourceTitle "CBM 216 Extra"]
[Source "ChessBase"]
[SourceDate "2023.11.30"]
[SourceVersion "1"]
[SourceVersionDate "2023.11.30"]
[SourceQuality "1"]

1. d4 d5 2. c4 e6 3. Nc3 Be7 4. cxd5 exd5 5. Bf4 c6 6. e3 Bf5 7. g4 Bg6 8. Nf3 Nd7 9. h4 h6 10. h5 Bh7 11. Bd3 Ngf6 12. Bxh7 Nxh7 13. Qc2 Ng5 14. Bxg5 Bxg5 15. 0-0-0 Qf6 16. Rh3 Qe6 17. Ne5 0-0-0 18. f4 Nxe5 19. dxe5 Qxg4 20. Rhh1 Bxf4 21. exf4 Qxf4+ 22. Kb1 Qxe5 23. Qf2 d4 24. Rhe1 Qxh5 25. Rxd4 Rxd4 26. Qxd4 Rd8 27. Qxa7 Qf5+ 28. Ka1 Kc7 29. a4 Rd7 30. a5 Qd3 31. Qb6+ Kc8 32. Nb5 cxb5 33. Rc1+ Qc4 34. Rxc4+ bxc4 35. Qc5+ Rc7 36. Qf8+ Kd7 37. Qxf7+ Kd6 38. Qf4+ Kd7 39. Qe5 Rc6 40. Qxg7+ Kc8 41. Qh8+ Kc7 42. Qe5+ Kc8 43. Kb1 Kd7 44. Kc2 Kc8 45. Kc3 Kd7 46. Qg7+ Kc8 47. Qh8+ Kc7 48. Kb4 h5 49. Qxh5 Kb8 50. Qe8+ Rc8 51. Qxc8+ Kxc8 52. Kxc4 Kb8 53. Kc5 Kc7 54. Kb5 Kc8 55. a6 bxa6+ 56. Kxa6 Kb8 1-0

[Event "St Petersburg Korchnoi Memorial op"]
[Site "St Petersburg"]
[Date "2023.08.18"]
[Round "1"]
[White "Korolev, Artem"]
[Black "Nozdrachev, Leonid"]
[Result "0-1"]
[WhiteElo "1739"]
[BlackElo "2324"]
[PlyCount "100"]
[EventDate "2023.08.18"]
[EventType "swiss"]
[EventRounds "9"]
[EventCountry "RUS"]
[SourceTitle "CBM 216 Extra"]
[Source "ChessBase"]
[SourceDate "2023.11.30"]
[SourceVersion "1"]
[SourceVersionDate "2023.11.30"]
[SourceQuality "1"]

1. c4 e5 2. Nc3 Bb4 3. Nd5 Be7 4. d4 exd4 5. Qxd4 Nf6 6. Nxe7 Qxe7 7. Bg5 Nc6 8. Bxf6 gxf6 9. Qc3 d5 10. Nf3 Be6 11. e3 Rg8 12. c5 Rg4 13. Bb5 Rxg2 14. Bxc6+ bxc6 15. Nd4 Bd7 16. 0-0-0 Rb8 17. Rhg1 Qe4 18. f3 Qg6 19. Ne2 Qg7 20. Rxg2 Qxg2 21. Qxf6 Qxe2 22. Qh8+ Ke7 23. Qxb8 Qxe3+ 24. Kb1 Qe2 25. Rc1 Qxh2 26. Qb4 h5 27. Qd4 h4 28. Re1+ Be6 29. f4 Qg3 30. Qe5 Kd7 31. Ka1 Qd3 32. Qc3 Qxc3 33. bxc3 h3 34. Kb2 d4 35. Rh1 d3 36. Kc1 Bf5 37. Kd2 Ke6 38. c4 Kf6 39. Ke3 Kg6 40. Rh2 Kh5 41. Kf3 Kh4 42. Rd2 Bg4+ 43. Kf2 Be2 44. f5 Kg5 45. Rb2 Kxf5 46. Rb8 Ke4 47. Rd8 Bg4 48. Ke1 Ke3 49. Re8+ Be6 50. Rg8 h2 0-1

[Event "Titled Tuesday intern op 08th Aug Early"]
[Site "Chess.com INT"]
[Date "2023.08.08"]
[Round "1"]
[White "Nozdrachev, Leonid"]
[Black "Araujo Filho, Luiz Antonio"]
[Result "1-0"]
[WhiteElo "2324"]
[BlackElo "2077"]
[PlyCount "107"]
[EventDate "2023.08.08"]
[EventType "swiss (blitz)"]
[EventRounds "11"]
[EventCountry "USA"]
[SourceTitle "EXT 2024"]
[Source "ChessBase"]
[SourceDate "2023.10.10"]
[SourceVersion "1"]
[SourceVersionDate "2023.10.10"]
[SourceQuality "1"]

1. e4 c6 2. Nc3 d5 3. Nf3 dxe4 4. Nxe4 Nf6 5. Qe2 Nxe4 6. Qxe4 Be6 7. d4 g6 8. Qe5 Rg8 9. Ng5 Bf5 10. Nxh7 Bg7 11. Qe2 Qxd4 12. c3 Qe4 13. Bg5 Nd7 14. Be3 Ne5 15. Ng5 Qc2 16. Qxc2 Bxc2 17. Be2 Bd3 18. Bd4 Bxe2 19. Kxe2 Nc4 20. Bxg7 Rxg7 21. h4 0-0-0 22. b3 Ne5 23. Rad1 Rxd1 24. Rxd1 e6 25. a4 Nd7 26. b4 Nf6 27. Ke3 Nd5+ 28. Kd4 Nf6 29. f3 Nh7 30. Ke5 Nxg5 31. hxg5 Rh7 32. Kf6 Kc7 33. g4 b6 34. c4 a6 35. f4 b5 36. cxb5 axb5 37. a5 c5 38. bxc5 Kc6 39. a6 Kxc5 40. a7 Rh8 41. Kxf7 Ra8 42. Rd7 b4 43. Kxg6 b3 44. Rb7 Kc4 45. f5 exf5 46. gxf5 Kc3 47. f6 b2 48. f7 Kc2 49. Rxb2+ Kxb2 50. Kf6 Kc3 51. g6 Kd4 52. g7 Kd5 53. g8Q Rxg8 54. fxg8Q+ 1-0

[Event "Titled Tuesday intern op 27th Jun Early"]
[Site "Chess.com INT"]
[Date "2023.06.27"]
[Round "9"]
[White "Eilers, Stefan"]
[Black "Nozdrachev, Leonid"]
[Result "0-1"]
[WhiteElo "2300"]
[BlackElo "2324"]
[PlyCount "110"]
[EventDate "2023.06.27"]
[EventType "swiss (blitz)"]
[EventRounds "11"]
[EventCountry "USA"]
[SourceTitle "EXT 2024"]
[Source "ChessBase"]
[SourceDate "2023.10.10"]
[SourceVersion "1"]
[SourceVersionDate "2023.10.10"]
[SourceQuality "1"]

1. d4 Nf6 2. Nc3 d5 3. Bf4 e6 4. Nb5 Bb4+ 5. c3 Ba5 6. b4 Bb6 7. a4 a5 8. e3 0-0 9. Bd3 Ne4 10. Ne2 Nc6 11. Bxe4 dxe4 12. bxa5 Nxa5 13. 0-0 Bd7 14. Qc2 Nc4 15. Ng3 f5 16. Na3 Bxa4 17. Qe2 Nxa3 18. Rxa3 Qd7 19. Qa2 Ra6 20. Ra1 Rfa8 21. Nxf5 Bc6 22. Qb2 exf5 23. Rxa6 Rxa6 24. Rb1 Qd5 25. Be5 Ra2 26. Qb4 Kf7 27. h4 Ba5 28. Qb3 Qxb3 29. Rxb3 Ra1+ 30. Kh2 g6 31. c4 Rc1 32. d5 Bd7 33. Rxb7 Rxc4 34. d6 Ke6 35. dxc7 Kxe5 36. c8Q Bxc8 37. Rb5+ Kf6 38. Rxa5 Be6 39. Kg3 Rc6 40. Ra7 Rd6 41. Rxh7 Bf7 42. Rh8 Kg7 43. Rb8 Kf6 44. Kf4 Rd2 45. Kg3 g5 46. Rb6+ Be6 47. hxg5+ Ke5 48. g6 Rd7 49. Kh4 Kf6 50. Kh5 Rd8 51. g7 Rg8 52. Kh6 Kf7 53. Rb7+ Kf6 54. Kh7 Re8 55. Rc7 Bf7 0-1

[Event "Titled Tuesday intern op 27th Jun Early"]
[Site "Chess.com INT"]
[Date "2023.06.27"]
[Round "4"]
[White "Nozdrachev, Leonid"]
[Black "Oglaza, Oskar"]
[Result "1-0"]
[WhiteElo "2324"]
[BlackElo "2304"]
[PlyCount "115"]
[EventDate "2023.06.27"]
[EventType "swiss (blitz)"]
[EventRounds "11"]
[EventCountry "USA"]
[SourceTitle "EXT 2024"]
[Source "ChessBase"]
[SourceDate "2023.10.10"]
[SourceVersion "1"]
[SourceVersionDate "2023.10.10"]
[SourceQuality "1"]

1. e4 c5 2. Nf3 d6 3. Bb5+ Nc6 4. 0-0 Bd7 5. Re1 a6 6. Bf1 Qc7 7. c3 Nf6 8. d4 cxd4 9. cxd4 e5 10. Nc3 Be7 11. Bg5 0-0 12. Rc1 Qd8 13. d5 Nb8 14. h3 b5 15. b4 Ne8 16. Be3 f5 17. exf5 Bxf5 18. Bd3 Nd7 19. Bxf5 Rxf5 20. Ne4 Rc8 21. Qd3 h6 22. Rc6 Ndf6 23. Ng3 e4 24. Nxf5 exd3 25. Rxc8 Qd7 26. N3d4 Nxd5 27. Ra8 Kh7 28. Bd2 Nec7 29. Ra7 Bf6 30. Ne6 Qxe6 31. Rxe6 Nxe6 32. Rd7 Kg6 33. Nxd6 Nd4 34. Ne4 Ne2+ 35. Kf1 Nec3 36. Nxf6 Nxf6 37. Rxd3 Nxa2 38. Ra3 Ne4 39. Rxa2 Kf5 40. Be3 Ke5 41. Rxa6 Kd5 42. Ra7 Kc4 43. Rxg7 Kxb4 44. Rg4 Kc3 45. Rxe4 b4 46. Bd2+ Kd3 47. Rxb4 h5 48. Rh4 Kc2 49. Be3 Kd1 50. Rxh5 Kc2 51. Rd5 Kb3 52. Rd4 Ka2 53. Ke2 Kb1 54. Kd3 Ka2 55. Kc3 Kb1 56. Rd1+ Ka2 57. Rc1 Ka3 58. Ra1# 1-0

[Event "Titled Tuesday intern op 01st Nov Early"]
[Site "Chess.com INT"]
[Date "2022.11.01"]
[Round "7"]
[White "Maneluk, Daniil"]
[Black "Nozdrachev, Leonid"]
[Result "0-1"]
[WhiteElo "2309"]
[BlackElo "2349"]
[PlyCount "100"]
[EventDate "2022.11.01"]
[EventType "swiss (blitz)"]
[EventRounds "11"]
[EventCountry "USA"]
[SourceTitle "EXT 2024"]
[Source "ChessBase"]
[SourceDate "2023.10.10"]
[SourceVersion "1"]
[SourceVersionDate "2023.10.10"]
[SourceQuality "1"]

1. e4 c6 2. d4 d5 3. e5 Bf5 4. h4 h5 5. Bd3 Bxd3 6. Qxd3 Qa5+ 7. b4 Qa6 8. b5 Qxb5 9. Qxb5 cxb5 10. Nc3 Nc6 11. Nxd5 Nxd4 12. Nc7+ Kd7 13. Nxa8 Nxc2+ 14. Kd2 Nxa1 15. Bb2 e6 16. Nf3 Bb4+ 17. Ke2 Nh6 18. Rd1+ Kc8 19. Rc1+ Kb8 20. Nc7 Rc8 21. Nxb5 Rxc1 22. Bxc1 Nc2 23. Kd3 Ne1+ 24. Nxe1 Bxe1 25. Bxh6 gxh6 26. f4 Bxh4 27. Nd6 f6 28. f5 fxe5 29. fxe6 Kc7 30. Nf5 Bf6 31. Ke4 b5 32. Nxh6 b4 33. Kf5 Be7 34. Kxe5 a5 35. Nf5 Kd8 36. Kd5 a4 37. Nd4 Kc7 38. Nb5+ Kb6 39. Nd4 Bf6 40. Nc2 b3 41. axb3 axb3 42. Na3 Be7 43. Nc4+ Kb5 44. Nd2 b2 45. Nb1 Kb4 46. Kc6 Kb3 47. Kd7 Kc2 48. Na3+ Bxa3 49. e7 Bxe7 50. Kxe7 b1Q 0-1

[Event "Titled Tuesday intern op 01st Nov Early"]
[Site "Chess.com INT"]
[Date "2022.11.01"]
[Round "10"]
[White "Nozdrachev, Leonid"]
[Black "Belozerov, Andrei"]
[Result "1-0"]
[WhiteElo "2349"]
[BlackElo "2460"]
[PlyCount "159"]
[EventDate "2022.11.01"]
[EventType "swiss (blitz)"]
[EventRounds "11"]
[EventCountry "USA"]
[SourceTitle "EXT 2024"]
[Source "ChessBase"]
[SourceDate "2023.10.10"]
[SourceVersion "1"]
[SourceVersionDate "2023.10.10"]
[SourceQuality "1"]

1. e4 c6 2. Nf3 d5 3. Nc3 dxe4 4. Nxe4 Nf6 5. Qe2 Nxe4 6. Qxe4 Qd5 7. Qe3 Qe6 8. Bd3 g6 9. Ng5 Qxe3+ 10. fxe3 Bg7 11. 0-0 0-0 12. Bc4 e6 13. d4 Nd7 14. c3 Nb6 15. Bb3 h6 16. Ne4 e5 17. Nd6 Be6 18. Nxb7 Bc4 19. Rf2 f5 20. Na5 Bxb3 21. axb3 Rac8 22. Nb7 Rc7 23. Nc5 Re8 24. Bd2 f4 25. Re1 Rce7 26. dxe5 fxe3 27. Rxe3 Nd5 28. Re4 Rxe5 29. Rfe2 Kf7 30. Rxe5 Bxe5 31. Ne4 g5 32. g3 Bc7 33. Kg2 Rc8 34. Nc5 Bb6 35. Nd7 Rc7 36. Ne5+ Kg7 37. c4 Nf6 38. Bc3 Kg8 39. Ng6 Ng4 40. Re6 Ne3+ 41. Kf3 Rf7+ 42. Ke4 Ng4 43. Re8+ Kh7 44. Nf8+ Kg8 45. Ne6+ Kh7 46. Nf8+ Kg8 47. Nd7+ Kh7 48. Rh8+ Kg6 49. Nf8+ Kh5 50. Ne6 Nf2+ 51. Ke5 Ng4+ 52. Kd6 c5 53. Ng7+ Kg6 54. Ne8 Nf2 55. Rg8+ Kf5 56. Rh8 Ne4+ 57. Kc6 Nxc3 58. bxc3 Ke4 59. Nd6+ Kd3 60. Nxf7 Kxc3 61. Kb5 Kxb3 62. Nd6 a5 63. Kxb6 a4 64. Nb5 a3 65. Nxa3 h5 66. Kxc5 h4 67. gxh4 g4 68. Rg8 Kc3 69. Rxg4 Kb2 70. Rg5 Kb3 71. Rg6 Ka4 72. Rg7 Kb3 73. Kd6 Kb2 74. c5 Kb3 75. h5 Ka4 76. h6 Ka5 77. c6 Kb4 78. c7 Kc3 79. c8Q+ Kb4 80. Rb7+ 1-0

[Event "Titled Tuesday intern op 25th Oct Late"]
[Site "Chess.com INT"]
[Date "2022.10.25"]
[Round "3"]
[White "Nozdrachev, Leonid"]
[Black "Badmatsyrenov, Oleg"]
[Result "0-1"]
[WhiteElo "2349"]
[BlackElo "2437"]
[PlyCount "118"]
[EventDate "2022.10.25"]
[EventType "swiss (blitz)"]
[EventRounds "11"]
[EventCountry "USA"]
[SourceTitle "EXT 2024"]
[Source "ChessBase"]
[SourceDate "2023.10.10"]
[SourceVersion "1"]
[SourceVersionDate "2023.10.10"]
[SourceQuality "1"]

1. e4 c5 2. Nf3 e6 3. g3 Nc6 4. Bg2 Nge7 5. 0-0 g6 6. d4 cxd4 7. Nxd4 a6 8. b3 Bg7 9. Bb2 0-0 10. Nxc6 dxc6 11. Bxg7 Kxg7 12. Nc3 Qxd1 13. Raxd1 e5 14. f4 Bg4 15. Bf3 Bxf3 16. Rxf3 Rad8 17. Rfd3 Rxd3 18. Rxd3 Re8 19. Rd7 b5 20. Kf2 b4 21. Na4 exf4 22. gxf4 Ng8 23. e5 g5 24. Nc5 Kg6 25. Kf3 gxf4 26. Kxf4 Ne7 27. Rd6+ Kg7 28. Nxa6 Ng6+ 29. Rxg6+ fxg6 30. Nxb4 c5 31. Nd5 c4 32. bxc4 Kf7 33. a4 Rc8 34. Nb6 Rc5 35. Ke4 Ke6 36. Kd4 Rxe5 37. c5 Rh5 38. a5 Rh4+ 39. Kc3 Rh3+ 40. Kb4 Rxh2 41. a6 Rf2 42. a7 Rf8 43. a8Q Rxa8 44. Nxa8 h5 45. Kb5 h4 46. c6 h3 47. Nc7+ Ke5 48. Nd5 h2 49. c7 h1Q 50. c8Q Qxd5+ 51. Qc5 Qxc5+ 52. Kxc5 g5 53. Kb6 g4 54. c4 g3 55. c5 g2 56. c6 g1Q+ 57. Kb7 Qb1+ 58. Kc8 Qb6 59. c7 Kd6 0-1

[Event "Titled Tuesday intern op 25th Oct Late"]
[Site "Chess.com INT"]
[Date "2022.10.25"]
[Round "6"]
[White "Nozdrachev, Leonid"]
[Black "Yanayt, Eugene"]
[Result "1-0"]
[WhiteElo "2349"]
[BlackElo "1985"]
[PlyCount "85"]
[EventDate "2022.10.25"]
[EventType "swiss (blitz)"]
[EventRounds "11"]
[EventCountry "USA"]
[SourceTitle "EXT 2024"]
[Source "ChessBase"]
[SourceDate "2023.10.10"]
[SourceVersion "1"]
[SourceVersionDate "2023.10.10"]
[SourceQuality "1"]

1. a4 e5 2. g3 d5 3. d3 h5 4. h3 h4 5. g4 Be7 6. Bg2 Be6 7. a5 c6 8. Nd2 Bb4 9. Ngf3 f6 10. 0-0 Bxa5 11. c4 Ne7 12. cxd5 Nxd5 13. Nc4 Bc7 14. Nfd2 Nf4 15. Ne4 Bxc4 16. Bxf4 Bxd3 17. Nc5 Ba6 18. Qc2 Qe7 19. Rxa6 bxa6 20. Be3 0-0 21. Qb3+ Qf7 22. Qb7 Nd7 23. Qxc7 Nxc5 24. Qxf7+ Rxf7 25. Bxc5 Rb8 26. b4 a5 27. bxa5 Rb5 28. Be3 Rxa5 29. Bxc6 Rc7 30. Be4 Kf8 31. Rb1 Ra2 32. Kf1 a5 33. Rb8+ Ke7 34. Rg8 Kd6 35. Rd8+ Rd7 36. Ra8 a4 37. Ra6+ Ke7 38. Bc5+ Kf7 39. Bf5 Rd1+ 40. Kg2 Rad2 41. Rxa4 Rxe2 42. Ra8 Red2 43. Rf8# 1-0

[Event "Titled Tuesday intern op 11th Oct Late"]
[Site "Chess.com INT"]
[Date "2022.10.11"]
[Round "3"]
[White "Boyer, Mahel"]
[Black "Nozdrachev, Leonid"]
[Result "0-1"]
[WhiteElo "2445"]
[BlackElo "2349"]
[PlyCount "64"]
[EventDate "2022.10.11"]
[EventType "swiss (blitz)"]
[EventRounds "11"]
[EventCountry "USA"]
[SourceTitle "EXT 2024"]
[Source "ChessBase"]
[SourceDate "2023.10.10"]
[SourceVersion "1"]
[SourceVersionDate "2023.10.10"]
[SourceQuality "1"]

1. e4 d6 2. d4 Nf6 3. Bd3 e5 4. c3 Be7 5. Ne2 0-0 6. 0-0 a5 7. h3 a4 8. Be3 Re8 9. Nd2 a3 10. b4 Nbd7 11. Ng3 d5 12. f4 dxe4 13. Ndxe4 Nd5 14. Bd2 exf4 15. Bxf4 Nxf4 16. Rxf4 Nf6 17. Qf3 Be6 18. Rf1 Bxa2 19. Nf5 Bd5 20. Nxg7 Kxg7 21. Qg3+ Kh8 22. Rxf6 Bxe4 23. Rxf7 Rg8 24. Qe5+ Bf6 25. Bxe4 Rxg2+ 26. Kxg2 Bxe5 27. Rxh7+ Kg8 28. dxe5 a2 29. Rff7 Qg5+ 30. Kf2 a1Q 31. Bd5 Qag1+ 32. Ke2 Q5e3# 0-1

[Event "Titled Tuesday intern op 11th Oct Late"]
[Site "Chess.com INT"]
[Date "2022.10.11"]
[Round "7"]
[White "Meduri, Aakaash"]
[Black "Nozdrachev, Leonid"]
[Result "1/2-1/2"]
[WhiteElo "2057"]
[BlackElo "2349"]
[PlyCount "157"]
[EventDate "2022.10.11"]
[EventType "swiss (blitz)"]
[EventRounds "11"]
[EventCountry "USA"]
[SourceTitle "EXT 2024"]
[Source "ChessBase"]
[SourceDate "2023.10.10"]
[SourceVersion "1"]
[SourceVersionDate "2023.10.10"]
[SourceQuality "1"]

1. Nf3 Nc6 2. d4 d5 3. Bf4 Bg4 4. c4 e6 5. e3 Bb4+ 6. Nc3 Nf6 7. Qb3 a5 8. Be2 a4 9. Qc2 Bf5 10. Bd3 a3 11. Bxf5 exf5 12. 0-0 axb2 13. Qxb2 dxc4 14. a3 Bxc3 15. Qxc3 Nd5 16. Qxc4 Nxf4 17. exf4 0-0 18. d5 Ne7 19. Rfd1 Ng6 20. g3 Qd6 21. a4 Rfd8 22. Rac1 c6 23. dxc6 Qxd1+ 24. Rxd1 Rxd1+ 25. Kg2 bxc6 26. Qxc6 Rdd8 27. Ne5 Nxe5 28. fxe5 Re8 29. f4 h6 30. h3 g6 31. g4 fxg4 32. hxg4 Rec8 33. Qb5 Rab8 34. Qd3 Rb2+ 35. Kf3 Rcb8 36. Qd6 R2b3+ 37. Ke2 Rc8 38. e6 Re8 39. f5 gxf5 40. gxf5 fxe6 41. fxe6 Rb7 42. Qg3+ Rg7 43. Qe5 Rg6 44. e7 Kf7 45. Qf5+ Kg7 46. Qe5+ Kh7 47. a5 Rg7 48. Qf5+ Kg8 49. Qd5+ Kh8 50. a6 Rexe7+ 51. Kf3 Kh7 52. Qf5+ Kg8 53. Qd5+ Rgf7+ 54. Kg4 Kh7 55. Qd3+ Kh8 56. Qd4+ Kh7 57. Qd3+ Kg7 58. Qd4+ Kg6 59. Qd6+ Kg7 60. Kh5 Rf5+ 61. Kg4 Rg5+ 62. Kf4 Rf7+ 63. Ke4 Rg6 64. Qd4+ Kh7 65. Ke3 Rg3+ 66. Ke2 Rg2+ 67. Ke1 Re7+ 68. Kf1 Ra2 69. Qd3+ Kh8 70. Qc3+ Rg7 71. Qc8+ Kh7 72. Qc6 Rf7+ 73. Ke1 Re7+ 74. Kd1 Rg7 75. Qe4+ Kh8 76. Qe8+ Kh7 77. Qe4+ Rg6 78. Qe7+ Rg7 79. Qe4+ 1/2-1/2

[Event "Titled Tuesday intern op 11th Oct Late"]
[Site "Chess.com INT"]
[Date "2022.10.11"]
[Round "4"]
[White "Nozdrachev, Leonid"]
[Black "Mikhailov, Viacheslav"]
[Result "0-1"]
[WhiteElo "2349"]
[BlackElo "2428"]
[PlyCount "84"]
[EventDate "2022.10.11"]
[EventType "swiss (blitz)"]
[EventRounds "11"]
[EventCountry "USA"]
[SourceTitle "EXT 2024"]
[Source "ChessBase"]
[SourceDate "2023.10.10"]
[SourceVersion "1"]
[SourceVersionDate "2023.10.10"]
[SourceQuality "1"]

1. d4 Nf6 2. c4 g6 3. Nf3 Bg7 4. g3 0-0 5. Bg2 d6 6. 0-0 Nc6 7. Nc3 Bf5 8. d5 Nb4 9. Nd4 Bd7 10. a3 Na6 11. b4 c5 12. dxc6 bxc6 13. Nxc6 Bxc6 14. Bxc6 Rc8 15. Bb5 Nc7 16. Bd2 Nxb5 17. cxb5 Qd7 18. a4 Qh3 19. f3 Nh5 20. Ne4 Bd4+ 21. e3 Bxa1 22. Qxa1 Rc2 23. Qd4 Rfc8 24. g4 Nf6 25. Nf2 Qxf3 26. g5 e5 27. Qxd6 Ne4 28. Nxe4 Qxe4 29. Qd7 Rf8 30. Rf2 Qh4 31. e4 Qxe4 32. Qxa7 Rxd2 33. Rxd2 Qe1+ 34. Kg2 Qxd2+ 35. Qf2 Qxb4 36. b6 Qxa4 37. Qc5 Qe4+ 38. Kh3 Qf3+ 39. Kh4 Qf4+ 40. Kh3 Rd8 41. b7 Rd3+ 42. Kg2 Qf3+ 0-1